Priemyselný park ako produkt mestského a regionálneho marketingu dizertačná práca
Gespeichert in:
| 1. Verfasser: | |
|---|---|
| Körperschaft: | |
| Weitere Verfasser: | |
| Format: | Buch |
| Sprache: | Slowakisch |
| Veröffentlicht: |
Bratislava
2006
|
| Schlagworte: | |
| Tags: |
Keine Tags, Fügen Sie das erste Tag hinzu!
|
MARC
| LEADER | 00000nam$a2200000$$$4500 | ||
|---|---|---|---|
| 001 | 0054894 | ||
| 005 | 20240104135409.7 | ||
| 041 | 0 | |a slo | |
| 044 | |a SK | ||
| 245 | 1 | 0 | |a Priemyselný park ako produkt mestského a regionálneho marketingu |b dizertačná práca |c Petra Kotuliaková ; školiteľ: Jozef Tvrdoň |
| 264 | 1 | |a Bratislava |c 2006 | |
| 300 | |a 149 s. | ||
| 610 | 2 | 0 | |a parky priemyselné |
| 610 | 2 | 0 | |a produkty |
| 610 | 2 | 0 | |a inkubátory podnikateľské |
| 610 | 2 | 0 | |a marketing regionálny |
| 610 | 2 | 0 | |a marketing globálny |
| 610 | 2 | 0 | |a nástroje marketingové |
| 610 | 2 | 0 | |a analýzy |
| 610 | 2 | 0 | |a stratégia marketingová |
| 100 | 1 | |a Kotuliaková, Petra | |
| 700 | 1 | |a Tvrdoň, Jozef | |
| 710 | 2 | |a Národohospodárska fakulta EU. Katedra verejnej správy a regionálneho rozvoja | |